The long- run effect of Mexican immigration on crime in US cities: evidence from variation in Mexican fertility rates (Record no. 108228)

000 -LEADER
fixed length control field 00482pab a2200169 454500
008 - FIXED-LENGTH DATA ELEMENTS--GENERAL INFORMATION
fixed length control field 180718b2015 xxu||||| |||| 00| 0 eng d
100 ## - MAIN ENTRY--PERSONAL NAME
Personal name Chalfin, Aaron
245 ## - TITLE STATEMENT
Title The long- run effect of Mexican immigration on crime in US cities: evidence from variation in Mexican fertility rates
260 ## - PUBLICATION, DISTRIBUTION, ETC.
Date of publication, distribution, etc. 2015
300 ## - PHYSICAL DESCRIPTION
Extent p.220-225.
362 ## - DATES OF PUBLICATION AND/OR SEQUENTIAL DESIGNATION
Dates of publication and/or sequential designation May
650 ## - SUBJECT ADDED ENTRY--TOPICAL TERM
Topical term or geographic name entry element Fertility
650 ## - SUBJECT ADDED ENTRY--TOPICAL TERM
Topical term or geographic name entry element Crime
650 ## - SUBJECT ADDED ENTRY--TOPICAL TERM
Topical term or geographic name entry element Immigration
773 ## - HOST ITEM ENTRY
Main entry heading American Economic Review
909 ## -
-- 108233
Holdings
Withdrawn status Lost status Damaged status Not for loan Permanent Location Current Location Date acquired Serial Enumeration / chronology Barcode Date last seen Price effective from Koha item type
        Indian Institute of Public Administration Indian Institute of Public Administration 2018-07-19 Volume no: 105, Issue no: 5 AR108693 2018-07-19 2018-07-19 Articles

Powered by Koha